LEADER 00532nab a2200145 i 4500 001 000000315532 003 CaOOAMICUS 005 20180831173152.0 008 180831n xx uu u0 0und r 013 $a24618 040 $aSeMil$bita 100 1 $aCaprioli, Adriano,$c.$0(OLS)http://semarc/name/206 245 10$a[RECENSIONE DI: Pas..., Le BaptÛme aujourd'hui..., 1971]. 773 0 $t[Gennaio-Dicembre].$g810-811$w()273985 996 $6245$a[RECENSIONE DI: Pas..., Le BaptÛme aujourd'hui..., 1971]$9(OLS)http://semarc/title/389577 LEADER 00999nam a2200229 i 4500 001 000000186837 003 CaOOAMICUS 005 20100305000000.0 008 100305s1951 it u000 u ita u 013 $a164893 040 $aSeMil$bita 100 1 $aHynek, Rudolf Maria <1883->.$0(OLS)http://semarc/name/67782 245 12$aL'aspetto fisico di Gesù :$bstudio medico e religioso /$cR. W. Hynek. 260 $aTorino :$bR. Berruti & C.,$cimprim. 1951. 260 $aTorino :$bL.I.C.E,$cimprim. 1951. 300 $a89 p., [8] c. di tav. :$bill. (b/n) ;$c19 cm. 650 4$aGesù Cristo - Persona.$0(OLS)http://semarc/subject/8952 850 $aSeMil 852 $aSeMil$W1$xVenegono$y1$m2V VII 43$j269368$B137524$CSeMilBibl$Z2$F149024 $81 996 $6245$aL'aspetto fisico di Gesù :$bstudio medico e religioso$9(OLS)http://semarc/title/268696 996 $6260$aTorino :$bL.I.C.E$9(OLS)http://semarc/publisher/30727 996 $6260$aTorino :$bR. Berruti & C.$9(OLS)http://semarc/publisher/43030